000 00441nam a2200145Ia 4500
008 151213s9999 xx 000 0 und d
100 _aShanman Wurst, Doug Wurst
245 _aCrammer & Punctuation
_cShanman Wurst, Doug Wurst
260 _aNew Delhi
_bViva Education
_c2004 Vol. 1(1-5)1,3,4,5,6
300 _a3586 p.
650 _aEnglish Literature
650 _aEnglish Literature
700 _aShanman Wurst, Doug Wurst
999 _c2389
_d2389